[Event "EU-chT (Men) 20th"]
[Site "Reykjavik"]
[Date "2015.11.14"]
[Round "2.4"]
[White "Olafsson, Fridrik"]
[Black "Sadiku, Bedri"]
[Result "1/2-1/2"]
[WhiteElo "2392"]
[BlackElo "2197"]
[PlyCount "86"]
[EventDate "2015.11.13"]
[EventType "team-swiss"]
[EventRounds "9"]
[EventCountry "ISL"]
[SourceTitle "CBM 170"]
[Source "ChessBase"]
[SourceDate "2016.01.15"]
[SourceVersion "1"]
[SourceVersionDate "2016.01.15"]
[SourceQuality "1"]
[WhiteTeam "Iceland Legends"]
[BlackTeam "Kosovo"]
[WhiteTeamCountry "ISL"]
[BlackTeamCountry "KOS"]

1. Nf3 g6 2. e4 Bg7 3. d4 d6 4. Bc4 Nf6 5. Qe2 0-0 6. 0-0 c6 7. Bb3 Bg4 8. Nbd2 e5 9. dxe5 dxe5 10. Nc4 Nbd7 11. Bg5 h6 12. Bd2 Qe7 13. h3 Bxf3 14. Qxf3 b5 15. Na5 Rfc8 16. Rad1 Nf8 17. Qe2 Ne6 18. Bxe6 Qxe6 19. c4 a6 20. Bc3 Nh5 21. Qg4 Qxg4 22. hxg4 Nf4 23. Rfe1 Ne6 24. Rd6 b4 25. Bd2 c5 26. Rd5 Rc7 27. Rd1 Kf8 28. Be3 Ke8 29. g3 g5 30. R1d2 f6 31. Kf1 Bf8 32. Ke2 Be7 33. Rd1 Rac8 34. Kd3 Ra8 35. Kc2 Rac8 36. Rh1 Bf8 37. Kb3 Ra7 38. Ka4 Rac7 39. Nb3 Rc6 40. Na5 R6c7 41. Rhd1 Ra8 42. Nb3 Be7 43. Nc1 Rc6 1/2-1/2

[Event "Porto Mannu op 7th"]
[Site "Porto Mannu"]
[Date "2015.06.09"]
[Round "4"]
[White "Brunello, Sabino"]
[Black "Olafsson, Fridrik"]
[Result "1-0"]
[WhiteElo "2526"]
[BlackElo "2397"]
[PlyCount "45"]
[EventDate "2015.06.06"]
[EventType "swiss"]
[EventRounds "9"]
[EventCountry "ITA"]
[SourceTitle "CBM 166 Extra"]
[Source "ChessBase"]
[SourceDate "2015.06.18"]
[SourceVersion "1"]
[SourceVersionDate "2015.06.18"]
[SourceQuality "1"]

1. d4 Nf6 2. c4 e6 3. Nc3 Bb4 4. e3 c5 5. Nge2 d6 6. a3 Ba5 7. Rb1 0-0 8. b4 Bc7 9. Ng3 Nc6 10. Be2 cxd4 11. exd4 d5 12. c5 e5 13. Nb5 Bb8 14. dxe5 Nxe5 15. 0-0 h6 16. Bb2 Re8 17. h3 a6 18. Nd4 Ne4 19. Ngf5 Ng6 20. Bg4 Qg5 21. Nf3 Qf4 22. g3 Qc7 23. Nxg7 1-0

[Event "Porto Mannu op 7th"]
[Site "Porto Mannu"]
[Date "2015.06.07"]
[Round "2"]
[White "Hill, Alistair"]
[Black "Olafsson, Fridrik"]
[Result "1/2-1/2"]
[WhiteElo "2121"]
[BlackElo "2397"]
[PlyCount "40"]
[EventDate "2015.06.06"]
[EventType "swiss"]
[EventRounds "9"]
[EventCountry "ITA"]
[SourceTitle "CBM 166 Extra"]
[Source "ChessBase"]
[SourceDate "2015.06.18"]
[SourceVersion "1"]
[SourceVersionDate "2015.06.18"]
[SourceQuality "1"]

1. e4 c5 2. c3 e6 3. d4 d5 4. exd5 exd5 5. Nf3 Nc6 6. Bb5 Bd6 7. dxc5 Bxc5 8. 0-0 Nge7 9. Nbd2 0-0 10. Nb3 Bb6 11. Re1 Nf5 12. Bd3 Qd6 13. Bc2 Bd7 14. Qd3 Rae8 15. Bg5 f6 16. Be3 Ne5 17. Nxe5 fxe5 18. Bxb6 axb6 19. Rad1 Bc6 20. Qh3 g6 1/2-1/2

[Event "Reykjavik WOW Air op-A"]
[Site "Reykjavik"]
[Date "2014.05.19"]
[Round "7"]
[White "Teitsson, Magnus"]
[Black "Olafsson, Fridrik"]
[Result "1/2-1/2"]
[WhiteElo "2207"]
[BlackElo "2406"]
[PlyCount "50"]
[EventDate "2014.03.31"]
[EventType "swiss"]
[EventRounds "7"]
[EventCountry "ISL"]
[SourceTitle "EXT 2015"]
[Source "ChessBase"]
[SourceDate "2014.11.20"]
[SourceVersion "1"]
[SourceVersionDate "2014.11.20"]
[SourceQuality "1"]

1. e4 g6 2. d4 Bg7 3. Nc3 c6 4. Bc4 d6 5. Qf3 e6 6. Nge2 b5 7. Bb3 a6 8. h4 Nd7 9. Bg5 Qc7 10. h5 Bb7 11. hxg6 hxg6 12. Rxh8 Bxh8 13. Bxe6 fxe6 14. Qh3 Bf6 15. Qxe6+ Kf8 16. Bf4 Kg7 17. Bxd6 Qd8 18. e5 Be7 19. Ne4 Nf8 20. Qb3 Bc8 21. 0-0-0 Bg4 22. f3 Bf5 23. Bxe7 Nxe7 24. Nd6 Be6 25. Qe3 Nd5 1/2-1/2

[Event "Reykjavik WOW Air op-A"]
[Site "Reykjavik"]
[Date "2014.04.28"]
[Round "4"]
[White "Olafsson, Fridrik"]
[Black "Thorsteinsson, Thorsteinn"]
[Result "1/2-1/2"]
[WhiteElo "2406"]
[BlackElo "2245"]
[PlyCount "26"]
[EventDate "2014.03.31"]
[EventType "swiss"]
[EventRounds "7"]
[EventCountry "ISL"]
[SourceTitle "EXT 2015"]
[Source "ChessBase"]
[SourceDate "2014.11.20"]
[SourceVersion "1"]
[SourceVersionDate "2014.11.20"]
[SourceQuality "1"]

1. d4 d5 2. c4 c6 3. Nc3 Nf6 4. Nf3 a6 5. c5 Nbd7 6. Bf4 Nh5 7. e3 Nxf4 8. exf4 e6 9. Bd3 Be7 10. g3 b6 11. b4 a5 12. a3 Ba6 13. Bxa6 Rxa6 1/2-1/2

[Event "Nordic-ch Seniors"]
[Site "Bornholm"]
[Date "2013.09.12"]
[Round "6"]
[White "Olafsson, Fridrik"]
[Black "Westerinen, Heikki MJ"]
[Result "1-0"]
[WhiteElo "2407"]
[BlackElo "2281"]
[PlyCount "109"]
[EventDate "2013.09.07"]
[EventType "swiss"]
[EventRounds "9"]
[EventCountry "DEN"]
[SourceTitle "CBM 156 Extra"]
[Source "ChessBase"]
[SourceDate "2013.10.22"]
[SourceVersion "1"]
[SourceVersionDate "2013.10.22"]
[SourceQuality "1"]

1. Nf3 Nf6 2. g3 g6 3. b3 Bg7 4. Bb2 0-0 5. Bg2 d6 6. d4 c5 7. c4 cxd4 8. Nxd4 d5 9. cxd5 Nxd5 10. 0-0 Nb4 11. Qd2 N8c6 12. Nxc6 Nxc6 13. Bxg7 Kxg7 14. Bxc6 bxc6 15. Rd1 Qxd2 16. Rxd2 Be6 17. Nc3 c5 18. Rc1 c4 19. b4 Rfb8 20. Rb2 Rd8 21. f3 f5 22. Kf2 Bf7 23. b5 e5 24. a4 Kf6 25. a5 Ke7 26. f4 exf4 27. gxf4 Rab8 28. Ke3 Rd6 29. Rd1 Re6+ 30. Kf2 Ra6 31. Ra2 Rd6 32. Rad2 Rbd8 33. Rxd6 Rxd6 34. Ke3 Rf6 35. Kd4 Be6 36. Kc5 Rf8 37. Rd6 Rc8+ 38. Rc6 Kd7 39. Rxc8 Kxc8 40. b6 Kb7 41. bxa7 Kxa7 42. Nb5+ Kb8 43. Kb6 Bd5 44. Nc3 Ba8 45. Kc5 Ka7 46. Kxc4 Ka6 47. Kb4 Bc6 48. Na4 Kb7 49. Nc5+ Kc7 50. Kc4 Kd6 51. Kd4 Bb5 52. e3 Kc6 53. Ne6 Be2 54. Ke5 Bc4 55. Nf8 1-0

[Event "Nordic-ch Seniors"]
[Site "Bornholm"]
[Date "2013.09.11"]
[Round "5"]
[White "Sloth, Jorn"]
[Black "Olafsson, Fridrik"]
[Result "1/2-1/2"]
[WhiteElo "2330"]
[BlackElo "2407"]
[PlyCount "31"]
[EventDate "2013.09.07"]
[EventType "swiss"]
[EventRounds "9"]
[EventCountry "DEN"]
[SourceTitle "CBM 156 Extra"]
[Source "ChessBase"]
[SourceDate "2013.10.22"]
[SourceVersion "1"]
[SourceVersionDate "2013.10.22"]
[SourceQuality "1"]

1. d4 Nf6 2. c4 g6 3. g3 Bg7 4. Bg2 0-0 5. Nc3 d6 6. Nf3 c6 7. 0-0 Qa5 8. d5 Qb4 9. Nd2 cxd5 10. cxd5 Bd7 11. Nb3 a5 12. a3 Qc4 13. Bg5 a4 14. Nd2 Qc7 15. Rc1 Qd8 16. h3 1/2-1/2

[Event "ISL-chT 1213"]
[Site "Reykjavik"]
[Date "2013.03.01"]
[Round "5.8"]
[White "Arngrimsson, Dagur"]
[Black "Olafsson, Fridrik"]
[Result "1-0"]
[WhiteElo "2393"]
[BlackElo "2431"]
[PlyCount "34"]
[EventDate "2012.10.05"]
[EventType "team-tourn"]
[EventRounds "7"]
[EventCountry "ISL"]
[SourceTitle "EXT 2014"]
[Source "ChessBase"]
[SourceDate "2013.11.20"]
[SourceVersion "1"]
[SourceVersionDate "2013.11.20"]
[SourceQuality "1"]
[WhiteTeam "Taflfelag Bolungarvikur"]
[BlackTeam "Taflfelag Reykjavikur"]
[WhiteTeamCountry "ISL"]
[BlackTeamCountry "ISL"]

1. d4 Nf6 2. c4 e6 3. g3 d5 4. Nf3 dxc4 5. Bg2 Bd7 6. Ne5 Nc6 7. Nxc4 Bb4+ 8. Bd2 Be7 9. e3 0-0 10. Nc3 Rb8 11. 0-0 Nb4 12. e4 c5 13. Bf4 b5 14. Bxb8 Qxb8 15. Ne3 cxd4 16. Qxd4 Rc8 17. Rac1 Be8 1-0

[Event "Reykjavik op"]
[Site "Reykjavik"]
[Date "2013.02.24"]
[Round "7"]
[White "Olafsson, Fridrik"]
[Black "Jayakumar, Adarsh"]
[Result "1/2-1/2"]
[WhiteElo "2416"]
[BlackElo "2271"]
[PlyCount "36"]
[EventDate "2013.02.19"]
[EventType "swiss"]
[EventRounds "10"]
[EventCountry "ISL"]
[SourceTitle "CBM 153 Extra"]
[Source "ChessBase"]
[SourceDate "2013.04.22"]
[SourceVersion "1"]
[SourceVersionDate "2013.04.22"]
[SourceQuality "1"]

1. d4 d5 2. c4 e6 3. cxd5 exd5 4. Nc3 c6 5. Nf3 Nf6 6. Bg5 Be7 7. Qc2 0-0 8. e3 Nbd7 9. Bd3 Re8 10. 0-0 Nf8 11. Ne5 Ng4 12. Bxe7 Qxe7 13. Nxg4 Bxg4 14. Rae1 Rad8 15. f3 Bc8 16. Qf2 Qf6 17. Kh1 Ne6 18. f4 Nc7 1/2-1/2

[Event "Podebrady Czech Coal m"]
[Site "Podebrady"]
[Date "2012.12.15"]
[Round "7.4"]
[White "Olafsson, Fridrik"]
[Black "Kashlinskaya, Alina"]
[Result "1/2-1/2"]
[WhiteElo "2419"]
[BlackElo "2344"]
[PlyCount "31"]
[EventDate "2012.12.08"]
[EventType "schev"]
[EventRounds "8"]
[EventCountry "CZE"]
[SourceTitle "EXT 2014"]
[Source "ChessBase"]
[SourceDate "2013.11.20"]
[SourceVersion "1"]
[SourceVersionDate "2013.11.20"]
[SourceQuality "1"]
[WhiteTeam "Old Hands"]
[BlackTeam "Snowdrops"]
[WhiteTeamCountry "CZE"]
[BlackTeamCountry "CZE"]

1. d4 d5 2. c4 e6 3. Nc3 c6 4. e3 Bd6 5. Bd3 f5 6. Nge2 Nf6 7. h3 0-0 8. 0-0 b6 9. b3 a6 10. f3 c5 11. dxc5 Bxc5 12. Na4 Bd6 13. Nf4 g5 14. Ne2 g4 15. Nf4 gxh3 16. g3 1/2-1/2

[Event "Podebrady Czech Coal m"]
[Site "Podebrady"]
[Date "2012.12.14"]
[Round "6.1"]
[White "Sachdev, Tania"]
[Black "Olafsson, Fridrik"]
[Result "1-0"]
[WhiteElo "2400"]
[BlackElo "2419"]
[PlyCount "67"]
[EventDate "2012.12.08"]
[EventType "schev"]
[EventRounds "8"]
[EventCountry "CZE"]
[SourceTitle "EXT 2014"]
[Source "ChessBase"]
[SourceDate "2013.11.20"]
[SourceVersion "1"]
[SourceVersionDate "2013.11.20"]
[SourceQuality "1"]
[WhiteTeam "Snowdrops"]
[BlackTeam "Old Hands"]
[WhiteTeamCountry "CZE"]
[BlackTeamCountry "CZE"]

1. d4 g6 2. c4 d6 3. Nc3 Nd7 4. e4 e5 5. d5 Ngf6 6. Bd3 Bg7 7. Be3 Nc5 8. f3 Nxd3+ 9. Qxd3 Nh5 10. Nge2 0-0 11. g4 Nf4 12. Nxf4 exf4 13. Bd4 Qh4+ 14. Bf2 Qe7 15. 0-0-0 a6 16. Bd4 Bd7 17. Bxg7 Kxg7 18. Ne2 b5 19. Nxf4 bxc4 20. Qxc4 Rab8 21. Qd4+ Kg8 22. Kb1 a5 23. Rhg1 f6 24. Rg2 a4 25. Nd3 a3 26. b3 Bb5 27. Rc2 Bxd3 28. Rxd3 Rb7 29. Rdc3 h6 30. Qd2 Kh7 31. Qc1 Rf7 32. Qxa3 f5 33. gxf5 gxf5 34. Qa8 1-0

[Event "ISL-chT 1213"]
[Site "Reykjavik"]
[Date "2012.10.06"]
[Round "3.4"]
[White "Karlsson, Mikael Johann"]
[Black "Olafsson, Fridrik"]
[Result "1/2-1/2"]
[WhiteElo "1940"]
[BlackElo "2431"]
[PlyCount "85"]
[EventDate "2012.10.05"]
[EventType "team-tourn"]
[EventRounds "7"]
[EventCountry "ISL"]
[SourceTitle "EXT 2013"]
[Source "ChessBase"]
[SourceDate "2012.11.22"]
[SourceVersion "1"]
[SourceVersionDate "2012.11.22"]
[SourceQuality "1"]
[WhiteTeam "Akureyri"]
[BlackTeam "Taflfelag Reykjavikur"]
[WhiteTeamCountry "ISL"]
[BlackTeamCountry "ISL"]

1. c4 Nf6 2. g3 g6 3. Bg2 Bg7 4. Nc3 0-0 5. Nf3 d5 6. d4 dxc4 7. Qa4 Nfd7 8. Qxc4 Nb6 9. Qb3 Be6 10. Qc2 Nc6 11. 0-0 Nxd4 12. Nxd4 Qxd4 13. Rd1 Qc4 14. Bg5 c6 15. Bxe7 Rfe8 16. Bg5 Nd5 17. Bd2 Nxc3 18. Bxc3 Bf5 19. e4 Bxe4 20. Bxe4 Rxe4 21. Rd7 Rae8 22. Qb3 Bxc3 23. Qxc3 Qxc3 24. bxc3 Re1+ 25. Rxe1 Rxe1+ 26. Kg2 Rb1 27. a4 Kg7 28. Rc7 a5 29. h3 Rb3 30. h4 h5 31. Kf1 Kf6 32. Ke2 Rb2+ 33. Ke3 Ke6 34. f3 f6 35. Rg7 Kf5 36. g4+ hxg4 37. fxg4+ Kxg4 38. Rxg6+ Kxh4 39. Rxf6 Kg5 40. Rf7 Kg6 41. Rf8 Kg7 42. Rf5 b6 43. Kd3 1/2-1/2

[Event "Amsterdam Euwe Memorial Gp1"]
[Site "Amsterdam"]
[Date "2011.11.20"]
[Round "6"]
[White "Cramling, Pia"]
[Black "Olafsson, Fridrik"]
[Result "1/2-1/2"]
[WhiteElo "2495"]
[BlackElo "2428"]
[PlyCount "125"]
[EventDate "2011.11.14"]
[EventType "tourn"]
[EventRounds "6"]
[EventCountry "NED"]
[EventCategory "9"]
[SourceTitle "EXT 2012"]
[Source "ChessBase"]
[SourceDate "2011.11.24"]
[SourceVersion "1"]
[SourceVersionDate "2011.11.24"]
[SourceQuality "1"]

1. d4 Nf6 2. Nf3 g6 3. c4 Bg7 4. Nc3 0-0 5. e4 d6 6. h3 e5 7. d5 Na6 8. Bg5 Qe8 9. Be2 Nc5 10. Nd2 a5 11. g4 h6 12. Be3 Nh7 13. Rg1 Bd7 14. h4 Qe7 15. Nb3 Na4 16. Nxa4 Bxa4 17. Rh1 Bd7 18. c5 f5 19. cxd6 cxd6 20. Rc1 a4 21. Nd2 Nf6 22. gxf5 gxf5 23. Rc7 Qd8 24. Qc2 b5 25. Rg1 f4 26. Ba7 Rf7 27. b4 axb3 28. Nxb3 Ne8 29. Rb7 Nf6 30. Bf3 Qc8 31. Qc7 Qxc7 32. Rxc7 Be8 33. Bb6 Rxa2 34. Rc8 Rb7 35. Rc7 Rxc7 36. Bxc7 Ra3 37. Nd2 Ra1+ 38. Bd1 Bh5 39. f3 Ne8 40. Bd8 Kf8 41. Ke2 Bf6 42. Bb6 Ra2 43. Kd3 Ra6 44. Bf2 Bd8 45. Bb3 Nc7 46. Rc1 Be8 47. Nb1 Ra8 48. Ke2 Na6 49. Nd2 Rb8 50. Bd1 Bb6 51. Bxb6 Rxb6 52. Nb3 b4 53. Ra1 Bb5+ 54. Kd2 Ke7 55. Bc2 Nc5 56. Ra7+ Rb7 57. Ra8 Nxb3+ 58. Bxb3 Be8 59. Rc8 Bh5 60. Rh8 Rc7 61. Rxh6 Bxf3 62. Rh7+ Kd8 63. Rh8+ 1/2-1/2

[Event "Amsterdam Euwe Memorial Gp1"]
[Site "Amsterdam"]
[Date "2011.11.15"]
[Round "2"]
[White "Olafsson, Fridrik"]
[Black "Cramling, Pia"]
[Result "1/2-1/2"]
[WhiteElo "2428"]
[BlackElo "2495"]
[PlyCount "41"]
[EventDate "2011.11.14"]
[EventType "tourn"]
[EventRounds "6"]
[EventCountry "NED"]
[EventCategory "9"]
[SourceTitle "EXT 2012"]
[Source "ChessBase"]
[SourceDate "2011.11.24"]
[SourceVersion "1"]
[SourceVersionDate "2011.11.24"]
[SourceQuality "1"]

1. Nf3 c5 2. c4 Nc6 3. Nc3 Nf6 4. e3 e6 5. d4 d5 6. a3 a6 7. dxc5 Bxc5 8. b4 Bd6 9. Bb2 0-0 10. Qc2 Qe7 11. Be2 dxc4 12. Bxc4 Bd7 13. 0-0 Ne5 14. Be2 Rac8 15. Qb3 Nxf3+ 16. Bxf3 Bc6 17. Bxc6 Rxc6 18. h3 Rfc8 19. b5 Rc5 20. a4 h5 21. Rac1 1/2-1/2

[Event "Nordic-ch Seniors"]
[Site "Reykjavik"]
[Date "2011.09.18"]
[Round "9"]
[White "Westerinen, Heikki MJ"]
[Black "Olafsson, Fridrik"]
[Result "1/2-1/2"]
[WhiteElo "2340"]
[BlackElo "2434"]
[PlyCount "22"]
[EventDate "2011.09.10"]
[EventType "swiss"]
[EventRounds "9"]
[EventCountry "ISL"]
[SourceTitle "CBM 144 Extra"]
[Source "ChessBase"]
[SourceDate "2011.10.28"]
[SourceVersion "1"]
[SourceVersionDate "2011.10.28"]
[SourceQuality "1"]

1. e4 c5 2. Nf3 e6 3. c3 d5 4. exd5 exd5 5. d4 Nc6 6. Be2 Bd6 7. dxc5 Bxc5 8. Nbd2 Nge7 9. Nb3 Bb6 10. 0-0 0-0 11. Nbd4 Ng6 1/2-1/2

[Event "Nordic-ch Seniors"]
[Site "Reykjavik"]
[Date "2011.09.15"]
[Round "6"]
[White "Gunnarsson, Gunnar K"]
[Black "Olafsson, Fridrik"]
[Result "0-1"]
[WhiteElo "2220"]
[BlackElo "2434"]
[PlyCount "38"]
[EventDate "2011.09.10"]
[EventType "swiss"]
[EventRounds "9"]
[EventCountry "ISL"]
[SourceTitle "CBM 144 Extra"]
[Source "ChessBase"]
[SourceDate "2011.10.28"]
[SourceVersion "1"]
[SourceVersionDate "2011.10.28"]
[SourceQuality "1"]

1. d4 d5 2. c4 Nf6 3. Nf3 g6 4. g3 Bg7 5. Bg2 0-0 6. 0-0 dxc4 7. Qc2 b5 8. Ne5 c6 9. Nxc6 Nxc6 10. Bxc6 Bh3 11. Rd1 Bf5 12. Qc3 Rc8 13. Bg2 e5 14. Be3 Nd5 15. Qc1 Nxe3 16. fxe3 exd4 17. e4 Bg4 18. Re1 d3 19. e3 b4 0-1

[Event "Snowdrops-Old Hands"]
[Site "Marianske Lazne"]
[Date "2008.12.05"]
[Round "7"]
[White "Olafsson, Fridrik"]
[Black "Jackova, Jana"]
[Result "1/2-1/2"]
[WhiteElo "2440"]
[BlackElo "2360"]
[PlyCount "69"]
[EventDate "2008.11.29"]
[EventType "schev"]
[EventRounds "8"]
[EventCountry "CZE"]
[SourceTitle "CBM 127 Extra"]
[Source "ChessBase"]
[SourceDate "2009.01.08"]
[SourceVersion "2"]
[SourceVersionDate "2009.01.28"]
[SourceQuality "1"]

1. c4 e5 2. g3 Nf6 3. Bg2 d5 4. cxd5 Nxd5 5. Nc3 Nb6 6. d3 Be7 7. Nf3 Nc6 8. 0-0 0-0 9. Be3 Be6 10. Na4 e4 11. Ne1 exd3 12. Nxd3 Bd5 13. Bh3 Nb4 14. Nc3 Nxd3 15. Qxd3 Bc6 16. Bd4 Bf6 17. Rad1 Bxd4 18. Qxd4 Qe7 19. e4 Rad8 20. Qe3 Rfe8 21. Bg2 h6 22. Rxd8 Rxd8 23. Rd1 Rxd1+ 24. Nxd1 Qd6 25. Nc3 Nc4 26. Qc1 Qd4 27. b3 Nd2 28. h3 Qd3 29. Nd5 Nxe4 30. Ne7+ Kh7 31. Nxc6 bxc6 32. Qxc6 f5 33. Qxc7 Qb1+ 34. Kh2 Qxa2 35. Bxe4 1/2-1/2

[Event "Snowdrops-Old Hands"]
[Site "Marianske Lazne"]
[Date "2008.12.01"]
[Round "3"]
[White "Jackova, Jana"]
[Black "Olafsson, Fridrik"]
[Result "1-0"]
[WhiteElo "2360"]
[BlackElo "2440"]
[PlyCount "91"]
[EventDate "2008.11.29"]
[EventType "schev"]
[EventRounds "8"]
[EventCountry "CZE"]
[SourceTitle "CBM 127 Extra"]
[Source "ChessBase"]
[SourceDate "2009.01.08"]
[SourceVersion "2"]
[SourceVersionDate "2009.01.28"]
[SourceQuality "1"]

1. e4 c5 2. Nf3 d6 3. d4 cxd4 4. Nxd4 Nf6 5. Nc3 a6 6. Be3 e5 7. Nf3 Be7 8. Bc4 0-0 9. 0-0 h6 10. Re1 Be6 11. Nd5 Nbd7 12. Qd3 Bxd5 13. Bxd5 Nxd5 14. Qxd5 Qc7 15. c4 Nf6 16. Qd3 b5 17. Rac1 bxc4 18. Qxc4 Qb7 19. Qc7 Rfb8 20. Bd2 Bf8 21. Qxb7 Rxb7 22. Bc3 Nd7 23. Nd2 Nc5 24. Red1 Nd3 25. Rb1 Rc8 26. Nb3 Nc5 27. Nxc5 Rxc5 28. Rd3 f6 29. g4 Kf7 30. Rbd1 Ke6 31. f3 g6 32. Kf2 Rc6 33. Ke2 f5 34. gxf5+ gxf5 35. Rg1 Rf7 36. Rg6+ Rf6 37. Rxf6+ Kxf6 38. Rd5 fxe4 39. fxe4 Ke6 40. Kd3 Be7 41. b4 Bd8 42. Bxe5 Rc1 43. Bf4 Rf1 44. Bxh6 Rf2 45. a4 Rxh2 46. Rxd6+ 1-0

[Event "Reykjavik Fischer Memorial"]
[Site "Reykjavik"]
[Date "2008.03.11"]
[Round "5"]
[White "Benko, Pal C"]
[Black "Olafsson, Fridrik"]
[Result "1/2-1/2"]
[WhiteElo "2408"]
[BlackElo "2440"]
[PlyCount "120"]
[EventDate "2008.03.10"]
[EventType "tourn (rapid)"]
[EventRounds "6"]
[EventCountry "ISL"]
[EventCategory "9"]
[SourceTitle "CBM 123 Extra"]
[Source "ChessBase"]
[SourceDate "2008.05.06"]
[SourceVersion "1"]
[SourceVersionDate "2008.05.06"]
[SourceQuality "1"]

1. c4 e5 2. Nc3 Nf6 3. Nf3 d6 4. d4 Nbd7 5. g3 g6 6. Bg2 Bg7 7. 0-0 0-0 8. e4 c6 9. h3 Qe7 10. Re1 h6 11. Be3 Ne8 12. Qd2 Kh7 13. Rad1 a6 14. b4 a5 15. b5 exd4 16. Nxd4 Ne5 17. Qe2 Be6 18. Nxe6 Qxe6 19. bxc6 bxc6 20. c5 Nc4 21. Bd4 dxc5 22. Bxc5 Bxc3 23. Bxf8 Bxe1 24. Qxe1 Ned6 25. Bxd6 Nxd6 26. e5 Nc4 27. f4 Rb8 28. Qc3 Rb4 29. Bf1 Qe7 30. Kh1 Qc5 31. a3 Ra4 32. Qd4 Qd5+ 33. Bg2 Qxd4 34. Rxd4 c5 35. Rd7 Rxa3 36. Rxf7+ Kh8 37. e6 Re3 38. Bd5 Nd6 39. Rc7 Nf5 40. g4 Rxh3+ 41. Kg2 Rg3+ 42. Kh2 Rxg4 43. Rf7 Rxf4 44. e7 Rh4+ 45. Kg2 Nxe7 46. Rxe7 a4 47. Ra7 Rd4 48. Bf7 Kg7 49. Kf3 Kf6 50. Be8 Kg5 51. Bxa4 h5 52. Ra6 Rc4 53. Bd7 h4 54. Be8 Rc3+ 55. Ke4 Rc4+ 56. Ke5 Kg4 57. Rxg6+ Kf3 58. Rf6+ Ke3 59. Bc6 Rg4 60. Bd5 c4 1/2-1/2

[Event "Reykjavik Fischer Memorial"]
[Site "Reykjavik"]
[Date "2008.03.11"]
[Round "4"]
[White "Hort, Vlastimil"]
[Black "Olafsson, Fridrik"]
[Result "1/2-1/2"]
[WhiteElo "2477"]
[BlackElo "2440"]
[PlyCount "49"]
[EventDate "2008.03.10"]
[EventType "tourn (rapid)"]
[EventRounds "6"]
[EventCountry "ISL"]
[EventCategory "9"]
[SourceTitle "CBM 123 Extra"]
[Source "ChessBase"]
[SourceDate "2008.05.06"]
[SourceVersion "1"]
[SourceVersionDate "2008.05.06"]
[SourceQuality "1"]

1. e4 c5 2. c3 e6 3. d4 d5 4. exd5 exd5 5. Nf3 Nc6 6. Be2 c4 7. b3 cxb3 8. axb3 Bd6 9. 0-0 Nge7 10. Ba3 0-0 11. Re1 Ng6 12. Bf1 Bg4 13. Nbd2 Bxa3 14. Rxa3 Qd6 15. Ra1 Nf4 16. Re3 Rae8 17. Qe1 Bd7 18. Ne5 Nxe5 19. dxe5 Qb6 20. Nf3 Ne6 21. Qd1 Bc6 22. Nd4 f6 23. exf6 Rxf6 24. Ra2 Nxd4 25. Rxe8+ 1/2-1/2

[Event "Reykjavik Fischer Memorial"]
[Site "Reykjavik"]
[Date "2008.03.11"]
[Round "6"]
[White "Olafsson, Fridrik"]
[Black "Portisch, Lajos"]
[Result "0-1"]
[WhiteElo "2440"]
[BlackElo "2530"]
[PlyCount "75"]
[EventDate "2008.03.10"]
[EventType "tourn (rapid)"]
[EventRounds "6"]
[EventCountry "ISL"]
[EventCategory "9"]
[SourceTitle "CBM 123 Extra"]
[Source "ChessBase"]
[SourceDate "2008.05.06"]
[SourceVersion "1"]
[SourceVersionDate "2008.05.06"]
[SourceQuality "1"]

1. Nf3 d5 2. c4 e6 3. g3 dxc4 4. Qa4+ Nd7 5. Qxc4 a6 6. Bg2 b5 7. Qc2 Bb7 8. 0-0 c5 9. b3 Ngf6 10. Bb2 Be7 11. d3 0-0 12. Nbd2 Qb6 13. Rac1 Rac8 14. Qb1 Rfd8 15. Rc2 Qa7 16. Qa1 Bf8 17. Rfc1 Qa8 18. d4 Ne4 19. Nf1 cxd4 20. Rxc8 Rxc8 21. Rxc8 Qxc8 22. Nxd4 Ndf6 23. f3 e5 24. fxe4 exd4 25. Bxd4 Nxe4 26. Qb2 Ng5 27. Qc3 Qa8 28. Bxb7 Qxb7 29. h4 Ne6 30. Bf2 g6 31. Qf3 Qd7 32. Qe4 Bc5 33. Bxc5 Nxc5 34. Qe5 Ne6 35. Ne3 Qc7 36. Kf2 f5 37. Kf3 Kf7 38. b4 0-1

[Event "Reykjavik Fischer Memorial"]
[Site "Reykjavik"]
[Date "2008.03.10"]
[Round "2"]
[White "Olafsson, Fridrik"]
[Black "Benko, Pal C"]
[Result "1/2-1/2"]
[WhiteElo "2440"]
[BlackElo "2408"]
[PlyCount "63"]
[EventDate "2008.03.10"]
[EventType "tourn (rapid)"]
[EventRounds "6"]
[EventCountry "ISL"]
[EventCategory "9"]
[SourceTitle "CBM 123 Extra"]
[Source "ChessBase"]
[SourceDate "2008.05.06"]
[SourceVersion "1"]
[SourceVersionDate "2008.05.06"]
[SourceQuality "1"]

1. c4 f5 2. d4 Nf6 3. Nc3 g6 4. g3 Bg7 5. Bg2 d6 6. d5 c5 7. Nh3 Na6 8. Nf4 Nc7 9. h4 0-0 10. h5 Qe8 11. hxg6 hxg6 12. e4 fxe4 13. Nxe4 Nxe4 14. Bxe4 Bf5 15. Bxf5 Rxf5 16. Qg4 Rf6 17. Be3 Qc8 18. Qg5 Qf5 19. Qxf5 gxf5 20. Ke2 Kf7 21. Rab1 a5 22. b3 b5 23. a4 b4 24. Bc1 Rh8 25. Rxh8 Bxh8 26. Bd2 Bg7 27. Rh1 e5 28. dxe6+ Nxe6 29. Nxe6 Rxe6+ 30. Kd3 Kg6 31. f3 Re8 32. g4 1/2-1/2

[Event "Arnhem Euwe Stimulans-A"]
[Site "Arnhem"]
[Date "2007.08.23"]
[Round "6"]
[White "Olafsson, Fridrik"]
[Black "Simutowe, Amon"]
[Result "0-1"]
[WhiteElo "2452"]
[BlackElo "2421"]
[PlyCount "76"]
[EventDate "2007.08.17"]
[EventType "tourn"]
[EventRounds "9"]
[EventCountry "NED"]
[EventCategory "7"]
[SourceTitle "CBM 119 Extra"]
[Source "ChessBase"]
[SourceDate "2007.09.04"]
[SourceVersion "1"]
[SourceVersionDate "2007.09.04"]
[SourceQuality "1"]

1. c4 Nf6 2. Nf3 e6 3. g3 d5 4. b3 Be7 5. Bg2 0-0 6. 0-0 b6 7. Bb2 Bb7 8. e3 dxc4 9. bxc4 c5 10. Qe2 Nc6 11. Rd1 Rc8 12. Nc3 Qc7 13. Rab1 Qb8 14. Ng5 Rfd8 15. d3 h6 16. Nge4 Rd7 17. f4 Rcd8 18. a3 Nxe4 19. Nxe4 f5 20. Nf2 Rf8 21. g4 Bh4 22. gxf5 exf5 23. Qh5 Qd8 24. Bd5+ Kh7 25. Qf3 Na5 26. e4 Bxf2+ 27. Kxf2 fxe4 28. Bxe4+ Bxe4 29. Qxe4+ Kh8 30. Kg2 Qa8 31. Bc3 Nc6 32. Re1 Nd4 33. Qxa8 Rxa8 34. Re4 Nf5 35. Kf2 Rxd3 36. Rc1 Kh7 37. Re5 Rf8 38. Rd5 Nd4 0-1